Trees of Sydney Streets - Statistics

General Stats
  • This quiz has been taken 7 times
  • The average score is 3 of 11
Answer Stats
Picture Answer % Correct
Melaleuca viminalis (Bottlebrush)
100%
Melaleuca quinquenervia (Broad-leafed Paperbark)
80%
Cupaniopsis anacardioides (Tuckeroo)
60%
Eleaocarpus reticulatus (Blueberry Ash)
20%
Gleditsia tricanthos (Honey Locust)
20%
Melaleuca bracteata (Black Tea-tree)
20%
Pistacia chinensis (Chinese Pistache)
20%
Tristaniopsis laurina (Water Gum)
20%
Fraxinus griffithii (Himilayan Ash)
0%
Leptospermum petersonii (Lemon Scented Tea-tree)
0%
Pyrus calleryana (Callery Pear)
0%
No matching quizzes found
Score Distribution
Percent of People with Each Score
Percentile by Number Answered
Your Score History
You have not taken this quiz